| Tag |
First Indicator |
Second Indicator |
Subfields |
| LEADER |
00000pam a2200000 a 4500 |
| 001 |
in00000079206 |
| 005 |
20151008060755.0 |
| 008 |
811123s1982 ne a b 10100 eng |
| 010 |
|
|
|a 81019476
|
| 020 |
|
|
|a 0444420533 (v.4)
|
| 020 |
|
|
|a 0444415645 (series)
|
| 035 |
|
|
|a (OCoLC)08031759
|
| 035 |
|
|
|9 AAJ6538AM
|
| 039 |
0 |
|
|a 2
|b 3
|c 3
|d 3
|e 3
|
| 040 |
|
|
|a DLC
|c DLC
|d TXA
|d UtOrBLW
|
| 049 |
|
|
|a TXAM
|c [933343]
|
| 050 |
0 |
0 |
|a RS122
|b .S77
|
| 060 |
|
0 |
|a W1 PH272L v.4
|a QV 20.5 I92 1981s
|
| 082 |
0 |
|
|a 615/.1/072
|2 19
|
| 245 |
0 |
0 |
|a Strategy in drug research :
|b proceedings of the second IUPAC-IUPHAR symposium held in Noordwijkerhout, the Netherlands, August 25-28, 1981 /
|c edited by J.A. Keverling Buisman.
|
| 264 |
|
1 |
|a Amsterdam ;
|a New York :
|b Elsevier Scientific Pub. Co., ;
|c 1982.
|
| 264 |
|
2 |
|a New York, NY :
|b Distributors for the U.S. and Canada, Elsevier Science Pub. Co.,
|
| 300 |
|
|
|a viii, 420 pages :
|b illustrations ;
|c 25 cm.
|
| 336 |
|
|
|a text
|b txt
|2 rdacontent
|
| 337 |
|
|
|a unmediated
|b n
|2 rdamedia
|
| 338 |
|
|
|a volume
|b nc
|2 rdacarrier
|
| 490 |
1 |
|
|a Pharmacochemistry library ;
|v v. 4
|
| 500 |
|
|
|a Organized by the Medicinal Chemistry Division of the Royal Netherlands Chemical Society under the sponsorship of the International Union of Pure and Applied Chemistry, Commission on Medicinal Chemistry, and others.
|
| 504 |
|
|
|a Includes bibliographical references and index.
|
| 650 |
|
0 |
|a Drugs
|x Research
|v Congresses.
|
| 650 |
|
0 |
|a Drugs
|x Structure-activity relationships.
|
| 650 |
|
2 |
|a Pharmacology
|x Congresses.
|
| 650 |
|
2 |
|a Research Design
|x Congresses.
|
| 700 |
1 |
|
|a Keverling Buisman, J. A.
|q (Jan Anne)
|
| 710 |
2 |
|
|a International Union of Pure and Applied Chemistry.
|b Commission on Medicinal Chemistry.
|
| 710 |
2 |
|
|a International Union of Pharmacology.
|
| 830 |
|
0 |
|a Pharmacochemistry library ;
|v v. 4.
|
| 999 |
|
|
|a MARS
|
| 999 |
f |
f |
|s 41b25749-d3fa-32b9-90be-361817ad29a3
|i 19b82de2-c5f4-3800-a1ac-85b64c2724a9
|t 0
|
| 952 |
f |
f |
|p ric
|a Texas A&M University
|b Rellis Campus
|c Joint Library Facility
|d Remote Storage
|t 0
|e RS122 .S77
|h Library of Congress classification
|i unmediated -- volume
|m A14806233103
|
| 998 |
f |
f |
|a RS122 .S77
|t 0
|l Remote Storage
|